| 000 | 01176nam a22003497a 4500 | ||
|---|---|---|---|
| 001 | BR8501250 | ||
| 003 | BR-BrBNA | ||
| 005 | 20230928092109.0 | ||
| 007 | ta | ||
| 008 | 230509b bl.||||| |||| 00| 0 por d | ||
| 040 |
_aBR-BrBNA _bpor _cBiblioteca Nacional de Agricultura |
||
| 041 | _a(Por) | ||
| 072 |
_aF30; H50; F25 _b0150 _b3840 |
||
| 090 | _ 0150 BR8501250 | ||
| 100 | 1 | _aCirino, V.M. | |
| 110 | 1 |
_aEscola Superior de Agricultura Luiz de Queiroz, Piracicaba, SP (Brasil) _0Dissertacao (Mestre em Agronomia) |
|
| 245 | 1 | _aReacao de genotipos de arroz (Oryza sativa L.)de sequeiro ao aluminio em solucao nutritiva | |
| 246 | 1 | _aReaction of upland rice (Oryza sativa L.)genotypes to aluminum in nutrient solution | |
| 260 | 3 |
_aPiracicaba, SP (Brasil): _c1984. |
|
| 300 | _a162 p. | ||
| 500 | _a17 tables; 5 graphs; Bibliography p. 83-108 (153 ref.); Summaries (Eng, Por) | ||
| 650 | _aARROZ SEQUEIRO | ||
| 650 | _aGENOTIPO | ||
| 650 | _aFENOTIPO | ||
| 650 | _aALUMINIO | ||
| 650 | _aTOXIDEZ | ||
| 650 | _aDISTURBIO VEGETAL | ||
| 650 | _aGERMOPLASMA | ||
| 650 | _aCOMPORTAMENTO DE VARIEDADE | ||
| 909 |
_a202309 _bLucia _c55 _dLucia Elande |
||
| 942 | _cBK | ||
| 999 |
_c37120 _d37120 |
||